| 000 | 00560nam a2200193Ia 4500 | ||
|---|---|---|---|
| 008 | 140429s9999 xx 000 0 und d | ||
| 020 | _a9781847320711 | ||
| 050 |
_aHQ 2044.U6 _b.M655 2008 |
||
| 100 | _aMillis, Diane | ||
| 245 | 4 |
_aThe little green book of shopping : _b250 tips for an eco style / _cDiane Millis. |
|
| 260 |
_aLondon : _bCarlton Books, _cc2008. |
||
| 300 |
_a128 p. : _c18 cm. |
||
| 521 | _aGE | ||
| 650 | _aEnvironmetalism. | ||
| 650 |
_aLifestyle _xUnited States. |
||
| 650 | _aSocial change. | ||
| 942 |
_kFOR _cBK |
||
| 999 |
_c115650 _d115650 |
||